000 00489nam a2200169Ia 4500
008 240729s9999 xx 000 0 und d
022 _a2673-7647
245 0 _aFrontiers in Bioinformatics
260 _aSwitzerland
260 _bFrontiers Media S.A.
650 _a Computer applications to medicine. Medical informatics
650 _a Medicine (General)
650 _aMedicine
856 _uhttps://doaj.org/toc/45ad48d86f11495cb9aa936c63cc5e84
942 _2ddc
942 _cDOAJEJ
999 _c72455
_d72455
945 _a1
_bMadushi Gamage
_c1
_dMadushi Gamage